[Event "TCh-POL Ekstraliga 2018"]
[Site "Poland POL"]
[Date "2018.10.28"]
[Round "9.2"]
[Board "2"]
[White "Czarnota, Pawel"]
[Black "Plat, Vojtech"]
[Result "1/2-1/2"]
[WhiteTitle "GM"]
[BlackTitle "GM"]
[WhiteElo "2546"]
[BlackElo "2551"]
[WhiteTeam "Akademia Szachowa ChessGrow Gliwice"]
[BlackTeam "WIEZA PEGOW"]
[WhiteFideId "1121219"]
[BlackFideId "325740"]
[EventDate "2018.06.08"]

1. e4 c5 2. Nf3 Nc6 3. d4 cxd4 4. Nxd4 e5 5. Nb5 a6 6. Nd6+ Bxd6 7. Qxd6 Qf6 8.
Qxf6 Nxf6 9. Nc3 Nb4 10. Kd2 d6 11. a3 Nc6 12. Bd3 Be6 13. f3 O-O 14. Rd1 d5 15.
exd5 Nxd5 16. Nxd5 Bxd5 17. Ke3 Rfd8 18. Kf2 e4 19. Be2 exf3 20. gxf3 Rac8 21.
Be3 Ne5 22. Rac1 Bc4 23. Rxd8+ Rxd8 24. Bd1 Be6 25. b3 f6 26. Be2 Kf7 27. Rd1
Rxd1 28. Bxd1 g5 29. Bd4 Ng6 30. c4 h5 31. Be3 1/2-1/2

[Event "TCh-POL Ekstraliga 2018"]
[Site "Poland POL"]
[Date "2018.10.28"]
[Round "9.2"]
[Board "3"]
[White "Dziuba, Marcin"]
[Black "Olszewski, Michal"]
[Result "1-0"]
[WhiteTitle "GM"]
[BlackTitle "GM"]
[WhiteElo "2577"]
[BlackElo "2529"]
[WhiteTeam "WIEZA PEGOW"]
[BlackTeam "Akademia Szachowa ChessGrow Gliwice"]
[WhiteFideId "1112953"]
[BlackFideId "1121251"]
[EventDate "2018.06.08"]

1. d4 Nf6 2. c4 e6 3. Nf3 b6 4. g3 Ba6 5. b3 Bb7 6. Bg2 Bb4+ 7. Bd2 a5 8. O-O
O-O 9. Nc3 d6 10. Qc2 Nbd7 11. Rfe1 Bxc3 12. Bxc3 Be4 13. Qb2 c6 14. a4 d5 15.
Bf1 Re8 16. Nd2 c5 17. e3 Qe7 18. Rac1 Rac8 19. cxd5 Bxd5 20. e4 Bb7 21. f3 h5
22. Nc4 h4 23. g4 cxd4 24. Bxd4 e5 25. Be3 Rc6 26. Qf2 Rec8 27. Qxh4 Nc5 28.
Rcd1 Nxb3 29. Nxb6 Rb8 30. Bb5 Rc3 31. Nd7 Rd8 32. Qg5 Nd4 33. Bxd4 exd4 34. Ne5
Qc5 35. Qf4 d3+ 36. Kh1 d2 37. Rf1 Qc7 38. Nd3 Qxf4 39. Nxf4 Nh7 40. Nd5 Bxd5
41. Rxd2 Nf6 42. exd5 Rxd5 43. Rxd5 Nxd5 44. h4 g6 45. Kh2 Ne3 46. Rg1 Kg7 47.
Kg3 f5 48. Kf4 Kf6 49. g5+ Kf7 50. Ke5 Rc2 51. Rh1 Rf2 52. Rc1 Rxf3 53. Rc7+ Kf8
54. Rc8+ Kg7 55. Rc7+ Kf8 56. h5 gxh5 57. Ra7 h4 58. Bc6 Ng4+ 59. Ke6 Rc3 60.
Bd5 Ne3 61. Bf3 Ng4 62. Bd5 Ne3 63. Bf3 Ng4 64. Kxf5 Rxf3+ 65. Kxg4 Ra3 66. Kxh4
Rxa4+ 67. Kh5 Ra1 68. Kg6 a4 69. Ra8+ Ke7 70. Kg7 a3 71. g6 a2 72. Ra6 Ke8 73.
Re6+ Kd7 74. Re2 Kd6 75. Rh2 Ke6 76. Kh7 Ke7 77. g7 Rg1 78. Rxa2 Rh1+ 79. Kg8
Rg1 80. Re2+ Kd7 81. Re4 Kd8 82. Re5 1-0

[Event "TCh-POL Ekstraliga 2018"]
[Site "Poland POL"]
[Date "2018.10.28"]
[Round "9.2"]
[Board "4"]
[White "Warakomski, Tomasz"]
[Black "Michalik, Peter"]
[Result "1-0"]
[WhiteTitle "GM"]
[BlackTitle "GM"]
[WhiteElo "2505"]
[BlackElo "2552"]
[WhiteTeam "Akademia Szachowa ChessGrow Gliwice"]
[BlackTeam "WIEZA PEGOW"]
[WhiteFideId "1124552"]
[BlackFideId "14907526"]
[EventDate "2018.06.08"]

1. e4 c6 2. d4 d5 3. f3 e6 4. Nc3 Bb4 5. Bf4 Nf6 6. Qd3 b6 7. Ne2 Ba6 8. Qe3 O-O
9. O-O-O c5 10. a3 cxd4 11. Nxd4 Bxc3 12. Qxc3 Bxf1 13. Rhxf1 Qc8 14. Nb5 Qxc3
15. Nxc3 dxe4 16. fxe4 Nc6 17. h3 e5 18. Be3 Ne8 19. Rd7 f6 20. Rfd1 Rf7 21. Nb5
Kf8 22. Rxf7+ Kxf7 23. Rd7+ Kg6 24. a4 h5 25. c3 a6 26. Nc7 Ra7 27. Bxb6 Rb7 28.
a5 Nb8 29. Re7 Nd6 30. Kc2 Nxe4 31. Nxa6 Rxe7 32. Nxb8 Re8 33. Na6 Nd6 34. Nc7
Rb8 35. a6 Nc8 36. Bc5 1-0

[Event "TCh-POL Ekstraliga 2018"]
[Site "Poland POL"]
[Date "2018.10.28"]
[Round "9.2"]
[Board "5"]
[White "Hnydiuk, Aleksander"]
[Black "Kantans, Toms"]
[Result "0-1"]
[WhiteTitle "IM"]
[BlackTitle "GM"]
[WhiteElo "2417"]
[BlackElo "2526"]
[WhiteTeam "WIEZA PEGOW"]
[BlackTeam "Akademia Szachowa ChessGrow Gliwice"]
[WhiteFideId "1109057"]
[BlackFideId "11602945"]
[EventDate "2018.06.08"]

1. Nf3 c5 2. c4 Nc6 3. Nc3 g6 4. e3 Nf6 5. d4 cxd4 6. exd4 d5 7. cxd5 Nxd5 8.
Qb3 e6 9. Bb5 Bg7 10. Bxc6+ bxc6 11. O-O O-O 12. Ne4 Qb6 13. Be3 Rb8 14. Nc5 Rd8
15. Rfc1 Qc7 16. Qa3 Nxe3 17. fxe3 e5 18. dxe5 Bxe5 19. Nxe5 Qxe5 20. Rc2 Bf5
21. Re2 Rd5 22. Nb3 Bg4 23. Ree1 Rbd8 24. Nd4 c5 25. Ne2 Rd2 26. Ng3 Qd5 27. e4
Qd4+ 28. Kh1 Qf2 29. Rg1 Bh3 30. Qf3 Qxf3 31. gxf3 Rxb2 32. Nf1 Rf2 33. Ne3 Rdd2
34. Rgd1 Rxd1+ 35. Rxd1 Rxf3 36. Nd5 Rf2 37. a4 Ra2 38. Nf4 Bg4 39. Rc1 Rxa4 40.
Nd5 Bf3+ 41. Kg1 Bxe4 42. Nf6+ Kg7 43. Nd7 Ra2 44. Nxc5 Bf5 0-1

[Event "TCh-POL Ekstraliga 2018"]
[Site "Poland POL"]
[Date "2018.10.28"]
[Round "9.2"]
[Board "6"]
[White "Warakomska, Anna"]
[Black "Majdan, Joanna"]
[Result "0-1"]
[WhiteTitle "WIM"]
[BlackTitle "WGM"]
[WhiteElo "2349"]
[BlackElo "2371"]
[WhiteTeam "Akademia Szachowa ChessGrow Gliwice"]
[BlackTeam "WIEZA PEGOW"]
[WhiteFideId "1130790"]
[BlackFideId "1121979"]
[EventDate "2018.06.08"]

1. e4 d6 2. d4 Nf6 3. Bd3 e5 4. c3 g6 5. Nf3 Nc6 6. h3 Bg7 7. O-O O-O 8. Re1 h6
9. a3 Re8 10. Nbd2 Nh5 11. Bb5 Bd7 12. Nf1 a6 13. Ba4 b5 14. Bc2 Na5 15. Ne3 Nf4
16. b4 Nc6 17. Bb2 a5 18. d5 Ne7 19. a4 bxa4 20. Bxa4 axb4 21. cxb4 Bxa4 22.
Rxa4 Qd7 23. Rxa8 Rxa8 24. Qc2 Rb8 25. Bc3 f5 26. Kh2 Rf8 27. Nd2 fxe4 28. Qxe4
Qb5 29. f3 Nd3 30. Qc4 Qxc4 31. Ndxc4 Nxe1 32. Bxe1 Rf4 33. Bc3 Nxd5 0-1

[Event "TCh-POL Ekstraliga 2018"]
[Site "Poland POL"]
[Date "2018.10.28"]
[Round "9.3"]
[Board "1"]
[White "Bartel, Mateusz"]
[Black "Navara, David"]
[Result "1/2-1/2"]
[WhiteTitle "GM"]
[BlackTitle "GM"]
[WhiteElo "2602"]
[BlackElo "2727"]
[WhiteTeam "KSz Polonia Wroclaw"]
[BlackTeam "Wasko HETMAN GKS Katowice"]
[WhiteFideId "1112635"]
[BlackFideId "309095"]
[EventDate "2018.06.08"]

1. e4 c5 2. Nf3 d6 3. Bb5+ Nd7 4. Ba4 Nf6 5. O-O a6 6. c4 g6 7. Nc3 Bg7 8. d3
O-O 9. h3 b6 10. Rb1 Rb8 11. Bg5 h6 12. Be3 Kh7 13. Qd2 Bb7 14. b4 e6 15. Rfe1
Ba8 16. a3 Qc7 17. Rec1 Nh5 18. g4 Nhf6 19. Bf4 Ng8 20. Kh2 g5 21. Bg3 f5 22.
gxf5 exf5 23. Kg2 Ndf6 24. Nd5 Qf7 25. Bc2 Nh5 26. d4 Ngf6 27. Nxf6+ Nxf6 28.
exf5 Ne4 29. Qd3 Bxd4 30. Nxd4 cxd4 31. f3 Nxg3 32. Kxg3 Rbc8 33. Re1 Qxc4 34.
Rbc1 Kh8 35. Qxc4 Rxc4 36. Bd3 Rc3 37. Rxc3 dxc3 38. Re6 Kg7 39. Rxd6 Rf6 40.
Rd8 Bc6 41. Bc2 Bb5 42. f4 Rc6 43. fxg5 hxg5 44. Kg4 Kf6 45. Rf8+ Kg7 46. Rd8
Kf6 47. Rf8+ Kg7 48. Rd8 1/2-1/2

[Event "TCh-POL Ekstraliga 2018"]
[Site "Poland POL"]
[Date "2018.10.28"]
[Round "9.3"]
[Board "2"]
[White "Miton, Kamil"]
[Black "Sadzikowski, Daniel"]
[Result "0-1"]
[WhiteTitle "GM"]
[BlackTitle "GM"]
[WhiteElo "2604"]
[BlackElo "2576"]
[WhiteTeam "Wasko HETMAN GKS Katowice"]
[BlackTeam "KSz Polonia Wroclaw"]
[WhiteFideId "1111914"]
[BlackFideId "1132253"]
[EventDate "2018.06.08"]

1. e4 c5 2. Nf3 d6 3. Bb5+ Nd7 4. d4 cxd4 5. Qxd4 a6 6. Bxd7+ Bxd7 7. Nc3 e5 8.
Qd3 Rc8 9. O-O Qc7 10. Rd1 h6 11. Nd2 Bg4 12. f3 Be6 13. Nf1 Nf6 14. Ne3 Be7 15.
Bd2 O-O 16. Kh1 b5 17. Be1 Qb7 18. Bh4 Rfd8 19. Bxf6 Bxf6 20. a3 Bg5 21. Ned5
Rc4 22. g3 Rdc8 23. h4 Bd8 24. Ne3 Rd4 25. Qe2 Qd7 26. Kg2 g6 27. Ncd5 f5 28. c3
Rxd1 29. Rxd1 Qf7 30. h5 f4 31. Ng4 Qg7 32. Rh1 fxg3 33. hxg6 Bg5 34. Qd1 Rf8
35. Rh3 Bxg4 36. fxg4 Qxg6 37. Qd3 Qf7 38. Rxg3 Qf2+ 39. Kh3 Qe1 40. Kh2 Rf2+
41. Rg2 Rf1 0-1

[Event "TCh-POL Ekstraliga 2018"]
[Site "Poland POL"]
[Date "2018.10.28"]
[Round "9.3"]
[Board "3"]
[White "Mastrovasilis, Dimitrios"]
[Black "Gajewski, Grzegorz"]
[Result "1/2-1/2"]
[WhiteTitle "GM"]
[BlackTitle "GM"]
[WhiteElo "2580"]
[BlackElo "2607"]
[WhiteTeam "KSz Polonia Wroclaw"]
[BlackTeam "Wasko HETMAN GKS Katowice"]
[WhiteFideId "4202694"]
[BlackFideId "1116207"]
[EventDate "2018.06.08"]

1. e4 c5 2. Nf3 d6 3. Bb5+ Nd7 4. d4 cxd4 5. Qxd4 a6 6. Bxd7+ Bxd7 7. Nc3 e5 8.
Qd3 Rc8 9. O-O Qc7 10. Rd1 h6 11. Nd2 Nf6 12. Nf1 Bg4 13. f3 Be6 14. Ne3 Be7 15.
Bd2 O-O 16. Kh1 b5 17. a4 b4 18. Ncd5 Bxd5 19. Nxd5 Nxd5 20. Qxd5 Qxc2 21. Bxb4
Qxb2 22. Bxd6 Bxd6 23. Qxd6 Rc2 24. Rab1 Qa2 25. Ra1 Qb2 26. Rab1 Qa2 27. Ra1
Qb2 1/2-1/2

[Event "TCh-POL Ekstraliga 2018"]
[Site "Poland POL"]
[Date "2018.10.28"]
[Round "9.3"]
[Board "5"]
[White "Wieczorek, Oskar"]
[Black "Bulski, Krzysztof"]
[Result "0-1"]
[WhiteTitle "IM"]
[BlackTitle "GM"]
[WhiteElo "2469"]
[BlackElo "2535"]
[WhiteTeam "KSz Polonia Wroclaw"]
[BlackTeam "Wasko HETMAN GKS Katowice"]
[WhiteFideId "1133950"]
[BlackFideId "1121499"]
[EventDate "2018.06.08"]

1. c4 e5 2. e3 Nf6 3. Nc3 Bb4 4. Nge2 O-O 5. a3 Bxc3 6. Nxc3 d5 7. cxd5 Nxd5 8.
Qc2 Be6 9. b4 Nd7 10. Bb2 c5 11. Nxd5 Bxd5 12. Bd3 h6 13. Bh7+ Kh8 14. Be4 Nf6
15. Bxd5 Qxd5 16. O-O Rac8 17. Rac1 Nd7 18. bxc5 Rxc5 19. Bc3 f6 20. e4 Qc6 21.
f4 Rc8 22. fxe5 Nxe5 23. Rce1 Qd6 24. Qb1 Ng4 25. e5 Nxe5 26. Bxe5 Rxe5 27. Rxe5
Qxe5 28. Qxb7 Qd4+ 29. Kh1 Rc2 30. Qb8+ Kh7 31. Qb1 Qxd2 32. Qb7 Qe2 33. Rg1 Qe3
34. Qb1 Qe4 35. h3 f5 36. Qb3 a5 37. Qg3 f4 38. Qe1 Re2 39. Qb1 Qxb1 40. Rxb1
Re3 41. Ra1 a4 42. Kg1 Kg6 43. Kf2 Kf5 44. Ra2 Ke4 45. h4 Kf5 46. h5 Kg4 47. Rc2
Rxa3 48. Rc7 Kxh5 49. Rxg7 Rb3 50. Rg8 a3 51. Rg7 Rb2+ 52. Kf3 a2 53. Ra7 Kg5
54. Ra4 Rc2 55. Ra5+ Kf6 56. Kxf4 Rxg2 57. Ra6+ Ke7 58. Ke5 Re2+ 59. Kf5 Kd7 0-1

[Event "TCh-POL Ekstraliga 2018"]
[Site "Poland POL"]
[Date "2018.10.28"]
[Round "9.3"]
[Board "6"]
[White "Socko, Monika"]
[Black "Zawadzka, Jolanta"]
[Result "1-0"]
[WhiteTitle "GM"]
[BlackTitle "WGM"]
[WhiteElo "2458"]
[BlackElo "2434"]
[WhiteTeam "Wasko HETMAN GKS Katowice"]
[BlackTeam "KSz Polonia Wroclaw"]
[WhiteFideId "1106619"]
[BlackFideId "1122320"]
[EventDate "2018.06.08"]

1. d4 d5 2. c4 e6 3. Nf3 Nf6 4. g3 dxc4 5. Bg2 Bd7 6. Nbd2 Bc6 7. O-O b5 8. Qc2
Be7 9. e4 O-O 10. Re1 Na6 11. a3 Bb7 12. e5 Nd5 13. Ne4 h6 14. g4 f5 15. exf6
Nxf6 16. Nxf6+ Rxf6 17. Ng5 hxg5 18. Bxb7 Rb8 19. Qe4 Rh6 20. Bxa6 Qd6 21. h4
Qxa6 22. hxg5 Rh4 23. f3 Rd8 24. Bf4 c5 25. d5 Rxd5 26. Rad1 Rd4 27. Rxd4 cxd4
28. g6 d3 29. Qa8+ Bf8 30. Qe8 Qb6+ 31. Kg2 Qc5 32. Rxe6 d2 33. Rd6 Qc7 34. Be5
Qe7 35. Qxe7 Bxe7 36. Rxd2 Rh6 37. Rd7 Bf8 38. Rxa7 Rxg6 39. Rb7 b4 40. axb4 Re6
41. Bc3 Be7 42. Rc7 Bf6 43. Rxc4 Bh4 44. Re4 Rd6 45. b5 Kf7 46. Rc4 Bd8 47. Rd4 1-0

[Event "TCh-POL Ekstraliga 2018"]
[Site "Poland POL"]
[Date "2018.10.28"]
[Round "9.4"]
[Board "1"]
[White "Brodowski, Piotr"]
[Black "Kempinski, Robert"]
[Result "1/2-1/2"]
[WhiteTitle "IM"]
[BlackTitle "GM"]
[WhiteElo "2437"]
[BlackElo "2575"]
[WhiteTeam "Bialy Krol Wisznia Mala"]
[BlackTeam "KSz Miedz Legnica"]
[WhiteFideId "1124480"]
[BlackFideId "1105663"]
[EventDate "2018.06.08"]

1. c4 b6 2. Nf3 Bb7 3. g3 Bxf3 4. exf3 c5 5. d4 cxd4 6. Qxd4 Nc6 7. Qd1 e6 8.
Nc3 Rc8 9. Be2 Bb4 10. Bd2 Nf6 11. O-O O-O 12. Rc1 d5 13. cxd5 Bxc3 14. Bxc3
Nxd5 15. Bb5 Nxc3 16. Rxc3 Ne5 17. Rxc8 Qxc8 18. f4 Rd8 19. Qc1 Ng4 20. Qxc8
Rxc8 21. Rd1 Kf8 22. Rd7 Rc1+ 23. Kg2 Rc2 24. Rd8+ Ke7 25. Rd7+ Kf6 26. Rxa7
Rxf2+ 27. Kg1 Rxb2 28. Be8 Nh6 29. a4 Rb4 30. Rb7 Kf5 31. Bb5 Rb1+ 32. Kg2 Rb2+
33. Kf3 Rb3+ 34. Kg2 Rb2+ 35. Kf3 Rb3+ 36. Kg2 Rb2+ 37. Kf3 Rb3+ 38. Kg2 1/2-1/2

[Event "TCh-POL Ekstraliga 2018"]
[Site "Poland POL"]
[Date "2018.10.28"]
[Round "9.4"]
[Board "2"]
[White "Kriebel, Tadeas"]
[Black "Butkiewicz, Lukasz"]
[Result "1-0"]
[WhiteTitle "IM"]
[BlackTitle "IM"]
[WhiteElo "2487"]
[BlackElo "2449"]
[WhiteTeam "KSz Miedz Legnica"]
[BlackTeam "Bialy Krol Wisznia Mala"]
[WhiteFideId "330027"]
[BlackFideId "1122428"]
[EventDate "2018.06.08"]

1. e4 c5 2. Nf3 Nc6 3. d4 cxd4 4. Nxd4 g6 5. Nc3 Bg7 6. Be3 Nf6 7. Bc4 O-O 8.
Bb3 Re8 9. f3 e6 10. Qd2 d5 11. O-O-O Nxd4 12. Bxd4 e5 13. Bf2 d4 14. Ne2 Be6
15. Bxe6 Rxe6 16. c3 Qa5 17. Kb1 dxc3 18. Qxc3 Qb5 19. Qd3 Qe8 20. Nc3 a6 21. g4
Bf8 22. Bh4 Bb4 23. Bxf6 Bxc3 24. Qxc3 Rxf6 25. Rd5 Re6 26. Rc1 Qe7 27. Rcd1 Qf6
28. Qe3 Rc6 29. g5 Qe6 30. Rd8+ Rxd8 31. Rxd8+ Kg7 32. Qa3 1-0

[Event "TCh-POL Ekstraliga 2018"]
[Site "Poland POL"]
[Date "2018.10.28"]
[Round "9.4"]
[Board "3"]
[White "Skawinski, Arkadiusz"]
[Black "Murdzia, Piotr"]
[Result "1/2-1/2"]
[WhiteTitle "FM"]
[BlackTitle "IM"]
[WhiteElo "2425"]
[BlackElo "2414"]
[WhiteTeam "Bialy Krol Wisznia Mala"]
[BlackTeam "KSz Miedz Legnica"]
[WhiteFideId "1126415"]
[BlackFideId "1105671"]
[EventDate "2018.06.08"]

1. e4 e5 2. Nf3 Nc6 3. Bb5 a6 4. Ba4 Nf6 5. O-O Nxe4 6. d4 b5 7. Bb3 d5 8. dxe5
Be6 9. c3 Bc5 10. Qe2 O-O 11. Be3 f6 12. Nbd2 Nxd2 13. Qxd2 Bxe3 14. Qxe3 Nxe5
15. Nxe5 fxe5 16. Qxe5 Qd7 17. Rae1 Rae8 18. Re3 Bf7 19. Qf4 Bg6 20. Qd4 c6 21.
Rfe1 Qf5 22. Qd2 Rxe3 23. Rxe3 Re8 24. Bc2 Qf7 25. Bxg6 Qxg6 26. Rxe8+ Qxe8 27.
Qe3 Qg6 28. g3 h6 29. b4 Kh7 30. Kg2 Qc2 1/2-1/2

[Event "TCh-POL Ekstraliga 2018"]
[Site "Poland POL"]
[Date "2018.10.28"]
[Round "9.4"]
[Board "4"]
[White "Sieciechowicz, Marcin"]
[Black "Luch, Michal"]
[Result "1/2-1/2"]
[WhiteTitle "IM"]
[BlackTitle "IM"]
[WhiteElo "2410"]
[BlackElo "2395"]
[WhiteTeam "KSz Miedz Legnica"]
[BlackTeam "Bialy Krol Wisznia Mala"]
[WhiteFideId "1130170"]
[BlackFideId "1120042"]
[EventDate "2018.06.08"]

1. d4 Nf6 2. Nf3 e6 3. Bg5 c5 4. c3 Qb6 5. Qb3 Ne4 6. Bf4 d5 7. e3 Bd6 8. Bxd6
Nxd6 9. Nbd2 Nd7 10. Be2 O-O 11. O-O cxd4 12. cxd4 Nf6 13. Ne5 Bd7 14. Qxb6 axb6
15. g4 Bc6 16. Rfc1 Rfc8 17. f3 Be8 18. Rxc8 Rxc8 19. Bd1 Nd7 20. Nxd7 Bxd7 21.
Kf2 g5 22. e4 dxe4 23. Nxe4 Nxe4+ 24. fxe4 f6 25. Bb3 Kg7 26. Ke3 h6 27. e5 fxe5
28. dxe5 Rc5 29. Kd4 Rb5 30. Rd1 Kf7 31. Bc4 Ra5 32. Rf1+ Ke7 33. b4 Ra8 34. Ke4 1/2-1/2

[Event "TCh-POL Ekstraliga 2018"]
[Site "Poland POL"]
[Date "2018.10.28"]
[Round "9.4"]
[Board "5"]
[White "Bronowicki, Mateusz"]
[Black "Kowalak, Piotr"]
[Result "1-0"]
[WhiteTitle "FM"]
[WhiteElo "2288"]
[BlackElo "2075"]
[WhiteTeam "Bialy Krol Wisznia Mala"]
[BlackTeam "KSz Miedz Legnica"]
[WhiteFideId "1122690"]
[BlackFideId "1105540"]
[EventDate "2018.06.08"]

1. f4 d5 2. Nf3 g6 3. e3 Bg7 4. d4 Nf6 5. Bd3 c5 6. O-O O-O 7. c3 b6 8. Qe2 Bb7
9. b3 Ne4 10. Bb2 Qc7 11. a4 e6 12. Na3 Nc6 13. Rac1 Rac8 14. Ne5 Rfd8 15. Nxc6
Bxc6 16. Rfd1 Qe7 17. Bxe4 dxe4 18. Nc4 Bd5 19. Ba3 Qb7 20. dxc5 bxc5 21. Na5
Qb6 22. Qb5 Qc7 23. Nc4 Bf8 24. Qa6 Rb8 25. b4 cxb4 26. cxb4 Bxb4 27. Ne5 Qa5
28. Qxa5 Bxa5 29. Bc5 Bb6 30. Bxb6 axb6 31. Rc7 Bb3 32. Rxd8+ Rxd8 33. Nxf7 Rd1+
34. Kf2 Bxa4 35. Ng5 Rd6 36. Nxh7 Bb3 37. Nf6+ Kf8 38. Nxe4 Rd1 39. Nf6 b5 40.
Rb7 Bc4 41. g4 Rb1 42. h4 Rh1 43. h5 gxh5 44. g5 Bd3 45. e4 Rf1+ 46. Ke3 Bc4 47.
Nxh5 Rg1 48. Kd4 Be2 49. Ng7 Bc4 50. Ke5 Rf1 51. g6 Rf2 52. Nh5 1-0

[Event "TCh-POL Ekstraliga 2018"]
[Site "Poland POL"]
[Date "2018.10.28"]
[Round "9.4"]
[Board "6"]
[White "Krupa, Monika"]
[Black "Bartel, Marta"]
[Result "0-1"]
[WhiteTitle "WGM"]
[BlackTitle "WGM"]
[WhiteElo "2241"]
[BlackElo "2247"]
[WhiteTeam "KSz Miedz Legnica"]
[BlackTeam "Bialy Krol Wisznia Mala"]
[WhiteFideId "1106660"]
[BlackFideId "1123009"]
[EventDate "2018.06.08"]

1. e4 g6 2. d4 Bg7 3. Nf3 d6 4. h3 Nd7 5. Bc4 e6 6. Nc3 a6 7. a4 b6 8. Bg5 Ne7
9. Qd2 h6 10. Be3 Bb7 11. O-O Nf6 12. Bd3 g5 13. Nh2 e5 14. dxe5 dxe5 15. Rfd1
Ng6 16. Nf1 O-O 17. Ng3 Nh4 18. Qe2 Qe7 19. Rd2 Qb4 20. Ra3 Rfd8 21. Rb3 Qe7 22.
Nd1 Nd7 23. a5 b5 24. c4 b4 25. Bc2 Bc6 26. Rbd3 Re8 27. Kh2 Nf8 28. f3 Ne6 29.
Nf2 Nf4 30. Bxf4 exf4 31. Nh5 Bxb2 32. Ba4 Bxa4 33. Rxb2 f5 34. Ra2 Bc6 35. Qb2
Red8 36. Rxd8+ Rxd8 37. Ra1 Kh7 38. exf5 Nxf5 39. Ng4 Rd6 40. Nhf6+ Kg6 41. Ne5+
Kg7 42. Nfg4 Kg8 43. Qxb4 h5 44. Qb8+ Be8 45. Qc8 Ng7 46. Re1 hxg4 47. fxg4 Qd8
48. Qb7 Re6 49. c5 Qe7 50. Qd5 Bf7 51. c6 Qd6 52. Qe4 Qa3 53. Rd1 Qg3+ 54. Kh1
f3 0-1

[Event "TCh-POL Ekstraliga 2018"]
[Site "Poland POL"]
[Date "2018.10.28"]
[Round "9.5"]
[Board "1"]
[White "Klekowski, Maciej"]
[Black "Antoniewski, Rafal"]
[Result "1/2-1/2"]
[WhiteTitle "IM"]
[BlackTitle "GM"]
[WhiteElo "2509"]
[BlackElo "2521"]
[WhiteTeam "TS Wisla Krakow"]
[BlackTeam "LKS Wrzos Miedzyborow"]
[WhiteFideId "1132717"]
[BlackFideId "1111078"]
[EventDate "2018.06.08"]

1. c4 g6 2. Nc3 c5 3. g3 Bg7 4. Bg2 Nc6 5. a3 b6 6. b4 Bb7 7. Rb1 d6 8. Nf3 Bxc3
9. dxc3 Ne5 10. O-O Nxf3+ 11. exf3 Kf8 12. Qe2 Qc7 13. h4 h5 14. Re1 Kg7 15. a4
Re8 16. a5 Nf6 17. Ra1 Nd7 18. axb6 axb6 19. Ra7 Qb8 20. Qa2 Ne5 21. Rxb7 Qxb7
22. f4 Nf3+ 23. Kh1 e5 24. Rd1 e4 25. Qe2 f5 26. Be3 Rd8 27. Rd5 Rhe8 28. Qd1
Qe7 29. Bxf3 exf3 30. Qxf3 Qe4 31. Qxe4 Rxe4 32. bxc5 bxc5 33. Bxc5 Rxc4 34.
Rxd6 Rxd6 35. Bxd6 Kf7 36. Be5 Ke6 37. Kg2 Kd5 38. Kf3 Re4 39. Bf6 Kc4 40. Bg7
Kd3 41. Bf6 Ra4 1/2-1/2

[Event "TCh-POL Ekstraliga 2018"]
[Site "Poland POL"]
[Date "2018.10.28"]
[Round "9.5"]
[Board "2"]
[White "Cyborowski, Lukasz"]
[Black "Matuszewski, Michal"]
[Result "1/2-1/2"]
[WhiteTitle "GM"]
[BlackTitle "IM"]
[WhiteElo "2514"]
[BlackElo "2505"]
[WhiteTeam "LKS Wrzos Miedzyborow"]
[BlackTeam "TS Wisla Krakow"]
[WhiteFideId "1108760"]
[BlackFideId "1129775"]
[EventDate "2018.06.08"]

1. c4 c6 2. Nf3 d5 3. e3 Nf6 4. Nc3 a6 5. h3 b5 6. b3 Bf5 7. Bb2 e6 8. cxd5 cxd5
9. a4 b4 10. Ne2 Bd6 11. Ned4 Be4 12. Rc1 Nbd7 13. d3 Bxf3 14. Nxf3 Rc8 15. Be2
O-O 16. Rxc8 Qxc8 17. O-O Qb7 18. Qb1 Rc8 19. Rc1 h5 20. Rc2 Rxc2 21. Qxc2 Qc7
22. Qxc7 Bxc7 23. Bxf6 Nxf6 24. d4 a5 25. Bd3 Kf8 26. Kf1 Ke7 27. Ke2 g6 28. Ng5
e5 29. dxe5 Bxe5 30. f4 Bc3 31. e4 h4 32. Kf3 dxe4+ 33. Nxe4 Nxe4 34. Kxe4 1/2-1/2

[Event "TCh-POL Ekstraliga 2018"]
[Site "Poland POL"]
[Date "2018.10.28"]
[Round "9.5"]
[Board "3"]
[White "Leniart, Arkadiusz"]
[Black "Nurkiewicz, Maciej"]
[Result "1-0"]
[WhiteTitle "IM"]
[WhiteElo "2489"]
[BlackElo "2370"]
[WhiteTeam "TS Wisla Krakow"]
[BlackTeam "LKS Wrzos Miedzyborow"]
[WhiteFideId "1124226"]
[BlackFideId "1107046"]
[EventDate "2018.06.08"]

1. e4 e5 2. Nf3 Nc6 3. Bb5 a6 4. Ba4 Nf6 5. O-O Be7 6. Bxc6 dxc6 7. d3 Nd7 8. b3
O-O 9. Bb2 Bd6 10. Nbd2 Qe7 11. Nc4 f6 12. d4 exd4 13. Nxd6 Qxd6 14. Nxd4 Ne5
15. f4 Ng6 16. f5 Ne5 17. Qe2 Bd7 18. Rad1 Qe7 19. Nf3 Nxf3+ 20. Rxf3 c5 21. Re3
Rae8 22. Re1 Qf7 23. Qf2 Re7 24. Rg3 b6 25. Qf4 Rfe8 26. Ree3 Bc6 27. e5 fxe5
28. Bxe5 Qd5 29. Qg4 h5 30. Qg6 Qd1+ 31. Kf2 Rd8 32. Re2 Rd2 33. Re3 Rxe2+ 34.
Rxe2 Be8 35. Qg5 Qd7 36. Rd2 1-0

[Event "TCh-POL Ekstraliga 2018"]
[Site "Poland POL"]
[Date "2018.10.28"]
[Round "9.5"]
[Board "4"]
[White "Bartel, Michal"]
[Black "Tomczak, Mikolaj"]
[Result "0-1"]
[WhiteTitle "FM"]
[BlackTitle "FM"]
[WhiteElo "2360"]
[BlackElo "2418"]
[WhiteTeam "LKS Wrzos Miedzyborow"]
[BlackTeam "TS Wisla Krakow"]
[WhiteFideId "1119257"]
[BlackFideId "1175114"]
[EventDate "2018.06.08"]

1. e4 c5 2. Nf3 d6 3. Bb5+ Bd7 4. c4 Nf6 5. Nc3 g6 6. d4 cxd4 7. Nxd4 Bg7 8. O-O
O-O 9. b3 Bxb5 10. cxb5 d5 11. e5 Ne4 12. Nxe4 dxe4 13. Bf4 Nd7 14. e6 Nc5 15.
exf7+ Kxf7 16. Be3 Nd3 17. Ne2 Bxa1 18. Qxa1 Qd5 19. Bh6 Rg8 20. f3 Qc5+ 21. Qd4
Qxd4+ 22. Nxd4 g5 23. h4 gxh4 24. fxe4+ Ke8 25. Ne6 Kd7 26. Nf8+ Raxf8 27. Rxf8
Rxf8 28. Bxf8 Nc5 29. Kh2 Nxe4 30. Kh3 Nd6 31. Bg7 Nxb5 32. Kxh4 Nd6 33. Kg5
Nf7+ 34. Kf5 Nd6+ 35. Kg5 Ke6 36. g4 Nf7+ 37. Kf4 Kd5 38. Bc3 e5+ 39. Kf5 Nd6+ 0-1

[Event "TCh-POL Ekstraliga 2018"]
[Site "Poland POL"]
[Date "2018.10.28"]
[Round "9.5"]
[Board "5"]
[White "Mikrut, Dariusz"]
[Black "Sliwerski, Radoslaw"]
[Result "1-0"]
[WhiteTitle "IM"]
[WhiteElo "2379"]
[BlackElo "2006"]
[WhiteTeam "TS Wisla Krakow"]
[BlackTeam "LKS Wrzos Miedzyborow"]
[WhiteFideId "1112791"]
[BlackFideId "1115308"]
[EventDate "2018.06.08"]

1. d4 Nf6 2. c4 e6 3. Nf3 d5 4. Nc3 Bb4 5. Qa4+ Nc6 6. Ne5 O-O 7. Nxc6 Bxc3+ 8.
bxc3 bxc6 9. Bf4 Ne4 10. f3 g5 11. Bc1 Nd6 12. c5 Nf5 13. g3 a5 14. e4 dxe4 15.
fxe4 Ng7 16. h4 gxh4 17. Rxh4 Qf6 18. Bf4 Qg6 19. Qc2 Nh5 20. Bxc7 1-0